Top 500 UK Girls Names 2022 - Statistics

General Stats
  • This quiz has been taken 1,082 times
  • The average score is 239 of 500
Answer Stats
Hint Answer % Correct
486 R Rhea
93%
114 A Anna
91%
462 M Mae
91%
311 A Ariya
88%
175 A Arya
88%
260 A Ayra
88%
2 A Amelia
87%
37 E Emilia
87%
1 O Olivia
86%
361 E Emelia
85%
336 A Amy
84%
68 E Emma
84%
494 A Aila
83%
271 A Aliza
83%
4 A Ava
83%
53 E Eliza
83%
25 E Ella
83%
499 E Emilie
83%
19 E Emily
83%
3 I Isla
83%
382 I Iyla
83%
38 A Alice
82%
330 E Elisa
82%
98 H Hannah
82%
147 I Isabel
82%
41 I Isabelle
82%
195 I Isobel
82%
26 C Charlotte
81%
336 L Lillian
81%
92 L Lilly
81%
5 L Lily
81%
499 LM Lily Mae
81%
472 E Elle
80%
252 E Eve
80%
210 H Hana
80%
184 M Maia
80%
302 M Maja
80%
330 M Mary
80%
156 M Mya
80%
128 A Abigail
79%
82 E Ellie
79%
46 E Eva
79%
220 H Hanna
79%
31 A Aria
77%
51 A Ayla
77%
77 B Bella
77%
17 G Grace
77%
28 M Maya
77%
54 R Rose
77%
99 S Sara
77%
131 S Sarah
77%
58 C Chloe
76%
60 E Elizabeth
76%
10 M Mia
75%
188 M Mollie
75%
84 M Molly
75%
21 D Daisy
74%
447 G Gaia
74%
69 J Jessica
74%
200 L Laura
74%
361 A Aida
73%
198 A Ayah
73%
490 C Catherine
73%
23 E Evie
73%
18 M Millie
73%
121 R Raya
73%
39 S Sophie
73%
153 A Alayna
72%
113 A Annie
72%
9 I Isabella
72%
75 M Maria
72%
106 Z Zoe
72%
494 Z Zoey
72%
203 A Ayda
71%
22 E Evelyn
71%
294 F Freyja
71%
243 H Hollie
71%
108 H Holly
71%
6 I Ivy
71%
442 L Lia
71%
116 L Lilah
71%
472 L Lucie
71%
80 L Lyla
71%
20 S Sofia
71%
14 S Sophia
71%
147 Z Zahra
71%
70 Z Zara
71%
438 Z Zofia
71%
326 A Alisha
70%
339 A Annabel
70%
133 A Annabelle
70%
7 F Freya
70%
378 K Katie
70%
90 L Lucy
70%
16 R Rosie
70%
36 A Ada
69%
8 F Florence
68%
232 N Norah
68%
424 F Frances
67%
120 G Georgia
67%
201 J Julia
67%
313 A Alicia
66%
284 B Bethany
66%
93 C Clara
66%
15 E Elsie
66%
72 G Gracie
66%
94 J Jasmine
66%
499 K Klara
66%
242 L Lila
66%
119 N Nora
66%
395 R Rachel
66%
287 R Rebecca
66%
30 R Ruby
66%
126 V Victoria
66%
183 A Alexandra
65%
97 A Amelie
65%
141 A Ariana
65%
74 O Olive
65%
13 P Poppy
65%
144 R Rosa
65%
43 V Violet
65%
347 A Arianna
64%
62 E Eleanor
63%
61 I Imogen
63%
66 I Iris
63%
130 A Aaliyah
62%
400 A Ana
62%
345 B Belle
62%
40 E Esme
62%
504 E Esmee
62%
305 I India
62%
290 N Nia
62%
55 E Erin
61%
115 E Esmae
61%
118 F Francesca
61%
302 L Laila
61%
56 L Layla
61%
236 L Leila
61%
400 L Leyla
61%
78 L Lola
61%
11 W Willow
61%
117 A Amber
60%
160 E Esther
60%
457 J Jennifer
60%
270 A Alaia
59%
419 A Alayah
59%
330 A Aliyah
59%
438 A Angel
59%
468 C Cara
59%
267 F Flora
59%
65 H Harriet
59%
156 L Leah
59%
272 L Leia
59%
433 N Natalie
59%
32 P Penelope
59%
49 A Aurora
58%
207 F Faith
58%
355 J Jessie
58%
111 M Maddison
58%
165 M Madison
58%
24 P Phoebe
58%
484 A Adaline
57%
260 D Diana
57%
330 G Georgina
57%
454 L Livia
57%
34 L Luna
57%
47 A Arabella
56%
355 G Gabriela
56%
153 G Gabriella
56%
222 A Alana
55%
109 A Autumn
55%
365 B Betty
55%
140 C Cora
55%
27 H Harper
55%
327 H Helena
55%
129 H Hope
55%
85 L Lara
55%
462 L Lilia
55%
239 M Madeleine
55%
369 M Madeline
55%
42 M Maisie
55%
405 M Maisy
55%
201 M Mirha
55%
324 N Neve
55%
169 N Niamh
55%
221 L Lena
54%
294 L Lina
54%
29 M Matilda
54%
267 J Josie
53%
110 M Martha
53%
342 M Megan
53%
151 N Nina
53%
63 O Orla
53%
160 P Polly
53%
330 Y Yasmin
53%
286 A April
52%
104 B Beatrice
52%
193 B Beatrix
52%
95 E Edith
52%
351 E Elise
52%
136 F Felicity
52%
52 L Lottie
52%
263 N Nell
52%
290 N Nicole
52%
196 P Penny
52%
96 S Summer
52%
288 A Addison
51%
316 A Aleena
51%
382 A Audrey
51%
187 D Dorothy
51%
275 J Josephine
51%
255 L Lana
51%
324 M Maddie
51%
442 M Margaret
51%
267 M Melissa
51%
449 E Eadie
50%
137 E Edie
50%
112 F Frankie
50%
369 K Keira
50%
227 K Kiara
50%
173 L Lydia
50%
177 N Naomi
50%
232 N Natalia
50%
226 S Seren
50%
35 B Bonnie
49%
490 C Cassie
49%
138 E Elena
49%
274 G Georgie
49%
33 H Hallie
49%
45 M Mila
49%
12 S Sienna
49%
236 A Alina
48%
369 A Avery
48%
205 D Darcey
48%
89 D Darcie
48%
158 D Darcy
48%
87 E Eden
48%
88 E Eloise
48%
99 F Fatima
48%
347 F Fatimah
48%
50 M Mabel
48%
67 N Nancy
48%
217 Q Quinn
48%
57 S Scarlett
48%
412 A Aubree
47%
239 A Aubrey
47%
208 B Billie
47%
399 S Stella
47%
476 T Tillie
47%
146 T Tilly
47%
108 H Hazel
46%
257 IR Isla Rose
46%
392 K Kayla
46%
198 L Lucia
46%
107 A Aisha
45%
322 A Amirah
45%
462 A Amyra
45%
273 A Ayesha
45%
204 B Betsy
45%
253 B Brooke
45%
184 C Callie
45%
449 E Emmy
45%
159 H Hattie
45%
101 N Nellie
45%
266 N Nelly
45%
86 O Ophelia
45%
308 R Rae
45%
419 A Aminah
44%
162 A Amira
44%
481 C Camilla
44%
215 IR Ivy Rose
44%
297 R Rosalie
44%
145 S Sadie
44%
64 T Thea
44%
225 A Alyssa
43%
299 AR Ava Rose
43%
419 B Brianna
43%
164 C Connie
43%
359 ER Ella Rose
43%
217 E Emmie
43%
378 F Faye
43%
229 H Halle
43%
382 IM Isla Mae
43%
320 K Kaia
43%
369 L Lacey
43%
182 L Lillie
43%
394 LR Lily Rose
43%
416 N Nadia
43%
216 T Talia
43%
322 A Adeline
42%
238 A Amina
42%
279 A Anya
42%
382 GM Gracie Mae
42%
212 L Liliana
42%
78 L Lyra
42%
48 M Maeve
42%
213 M Maggie
42%
397 A Adelaide
41%
127 A Amaya
41%
316 A Amayah
41%
308 AR Amelia Rose
41%
494 BR Bella Rose
41%
405 E Erica
41%
449 E Evangeline
41%
486 G Gia
41%
103 H Heidi
41%
284 I Ida
41%
206 L Lexi
41%
476 M Macie
41%
302 P Paige
41%
328 S Serena
41%
155 A Amara
40%
424 M Margaux
40%
433 M Margo
40%
59 M Margot
40%
419 M Michelle
40%
91 N Nova
40%
133 P Pippa
40%
449 V Vivienne
40%
419 A Agnes
39%
124 A Athena
39%
167 A Aurelia
39%
462 AM Ava Mae
39%
44 D Delilah
39%
427 EM Elsie Mae
39%
135 I Indie
39%
258 M Melody
39%
191 A Aoife
38%
168 A Ariella
38%
190 D Daphne
38%
351 D Dolly
38%
73 E Elodie
38%
211 E Everly
38%
468 F Fiadh
38%
250 H Harley
38%
433 M Mira
38%
172 P Paisley
38%
141 S Savannah
38%
263 W Winter
38%
400 W Wynter
38%
368 Z Zuzanna
38%
180 E Eliana
37%
345 E Emmeline
37%
235 E Everleigh
37%
165 A Anastasia
36%
263 A Aya
36%
219 R Riley
36%
282 A Aaya
35%
279 A Alma
35%
275 A Amal
35%
412 B Beau
35%
471 B Bianca
35%
132 C Cleo
35%
243 D Dottie
35%
382 G Gianna
35%
294 L Libby
35%
366 S Selena
35%
330 H Harmony
34%
472 I Iona
34%
369 L Lois
34%
191 P Piper
34%
248 S Skyla
34%
174 S Skylar
34%
412 A Anayah
33%
490 A Arielle
33%
239 A Astrid
33%
442 F Fleur
33%
306 R Robin
33%
71 R Robyn
33%
231 V Valentina
33%
122 A Anaya
32%
254 E Effie
32%
412 M Mylah
32%
232 N Nyla
32%
316 N Nylah
32%
125 R River
32%
293 T Tabitha
32%
457 V Verity
32%
208 W Winnie
32%
150 W Wren
32%
143 A Alba
31%
290 A Alessia
31%
400 C Constance
31%
175 E Etta
31%
380 F Fern
31%
320 M Miley
31%
230 M Miriam
31%
86 M Myla
31%
83 O Ottilie
31%
391 P Peyton
31%
188 S Skye
31%
454 A Amalia
30%
313 C Cecilia
30%
149 H Harlow
30%
374 L Liana
30%
449 M Myra
30%
457 R Rosemary
30%
163 Z Zainab
30%
351 Z Zaynab
30%
105 N Nevaeh
29%
247 N Noa
29%
214 N Nola
29%
248 P Pearl
29%
416 J Jemima
28%
351 P Philippa
28%
433 R Reya
28%
382 B Blake
27%
457 D Daria
27%
382 E Ember
27%
427 F Ffion
27%
427 K Kyra
27%
340 M Marley
27%
123 M Marnie
27%
427 S Sydney
27%
481 T Tiana
27%
355 A Anais
26%
179 K Khadija
26%
223 K Khadijah
26%
180 C Clementine
25%
380 H Honey
25%
297 I Inaaya
25%
225 I Inaya
25%
319 I Inayah
25%
374 J Juniper
25%
139 M Maeva
25%
442 N Nala
25%
186 R Remi
25%
260 T Tallulah
25%
374 W Winifred
25%
281 A Antonia
24%
490 K Kaya
24%
360 M Mali
24%
75 M Maryam
24%
313 O Ocean
24%
289 S Sylvie
24%
347 C Celine
23%
243 N Noor
23%
397 O Octavia
23%
472 R Rowan
23%
310 S Saoirse
23%
355 T Theodora
23%
374 Y Yara
23%
275 H Haniya
22%
503 L Liberty
22%
494 A Aizah
21%
340 A Arla
21%
301 B Blossom
21%
476 E Evelina
21%
347 I Imaan
21%
476 L Lilith
21%
170 P Primrose
21%
391 R Romy
21%
457 S Stevie
21%
197 V Vienna
21%
405 A Aayat
20%
255 A Aiza
20%
193 A Ayat
20%
484 H Hania
20%
344 I Iqra
20%
374 J Juno
20%
275 M Meadow
20%
427 P Peggy
20%
462 R Renee
20%
178 Z Zoya
20%
366 A Alara
19%
405 A Alora
19%
486 A Ayana
19%
342 E Elora
19%
243 H Hafsa
19%
311 I Isra
19%
152 D Dua
18%
397 J Jannat
18%
259 M Mariam
18%
438 R Raven
18%
250 Y Yusra
18%
405 H Halima
17%
282 S Syeda
17%
447 C Cataleya
16%
504 F Frida
16%
227 S Safa
16%
462 S Sana
16%
433 D Darla
15%
438 M Marwa
15%
416 A Anabia
14%
405 A Aqsa
14%
361 E Eira
14%
336 R Reeva
14%
504 D Dolcie
13%
328 H Hawa
13%
391 H Hoorain
13%
382 A Arwen
11%
424 A Asiya
10%
494 E Eshaal
10%
361 H Hiba
10%
170 L Liyana
10%
486 E Emaan
9%
366 A Ayzal
8%
395 M Minha
8%
454 L Layan
7%
481 S Shanaya
6%
No matching quizzes found
Score Distribution
Percent of People with Each Score
Percentile by Number Answered
Your Score History
You have not taken this quiz